Romeo and Juliet/ (Record no. 9669)
[ view plain ]
| 000 -LEADER | |
|---|---|
| fixed length control field | 00667nac a22001931u 4500 |
| 020 ## - INTERNATIONAL STANDARD BOOK NUMBER | |
| International Standard Book Number | 8175810777 |
| 082 ## - DEWEY DECIMAL CLASSIFICATION NUMBER | |
| Classification number | 823.8 |
| Item number | SHA |
| 090 ## - LOCALLY ASSIGNED LC-TYPE CALL NUMBER (OCLC); LOCAL CALL NUMBER (OCLC) | |
| -- | 9669 |
| -- | 9669 |
| 100 ## - MAIN ENTRY--PERSONAL NAME | |
| Personal name | Shakespeare, William |
| 245 ## - TITLE STATEMENT | |
| Title | Romeo and Juliet/ |
| Remainder of title | William Shkespeare, Ramji Lall |
| 260 ## - PUBLICATION, DISTRIBUTION, ETC. (IMPRINT) | |
| Place of publication, distribution, etc | New Delhi : |
| Name of publisher, distributor, etc | Rama Brothers,C.2004. |
| Date of publication, distribution, etc | C.2004. |
| 440 ## - | |
| -- | York Classics |
| 500 ## - GENERAL NOTE | |
| General note | Distributer:Al-Ahram. |
| 511 ## - PARTICIPANT OR PERFORMER NOTE | |
| Participant or performer note | Catalogued By: Mahitab. |
| 650 ## - SUBJECT ADDED ENTRY--TOPICAL TERM | |
| Topical term or geographic name as entry element | English Fiction |
| Location of event | Critical Study. |
| 700 ## - ADDED ENTRY--PERSONAL NAME | |
| Personal name | Lall, Ramji |
| 942 ## - ADDED ENTRY ELEMENTS (KOHA) | |
| Item type | Book - Borrowing |
| Call number prefix | 823.8SHA |
| Withdrawn status | Item status | Damaged status | Not for loan | Home library | Current library | Shelving location | Date acquired | Source of acquisition | Total Checkouts | Total Renewals | Full call number | Barcode | Checked out | Date last seen | Date last borrowed | Cost, replacement price | Koha item type |
|---|---|---|---|---|---|---|---|---|---|---|---|---|---|---|---|---|---|
| Central Library | Central Library | Second Floor | 27/05/2008 | Purchase | 4 | 8 | 823.8SHA | 000011711 | 27/10/2014 | 03/08/2014 | 03/08/2014 | 52.00 | Book - Borrowing |